| 000 | 00520nam a22001937a 4500 | ||
|---|---|---|---|
| 003 | BUBTL | ||
| 008 | 180116b xxu||||| |||| 00| 0 eng d | ||
| 020 | _a978-81-315-0002-6 | ||
| 082 |
_210th _a658.15 /brf |
||
| 100 |
_913 _aBrigham, Fugene F. |
||
| 245 | _aFundamentals of Financial Management. | ||
| 250 | _a10th | ||
| 260 |
_aDheli _bCengage _c2004 |
||
| 300 |
_axxxi, 910p. ill. chart, Graph, _b; 24 cm. |
||
| 500 | _aInclude Index | ||
| 650 | 0 |
_918 _aFinance |
|
| 856 |
_k0 _l0 _yDownload |
||
| 942 |
_2ddc _cBK _e10th |
||
| 999 |
_c5657 _d5657 |
||